000 00643nam a2200217 a 4500
001 000012707
005 20240530073915.0
008 091116s2006 dr 000 f spa d
020 _a9945408070
040 _aDO-SdBNP
_bspa
_cBNPHU
082 _aRD863.44
_bR627t, 2006
100 1 _aRisik, Marisela,
_d1981-
_929478
245 1 3 _aEl tiempo del olvido /
_cMarisela Risik.
250 _a2a ed.
260 _aSanto Domingo :
_bArgos,
_c2006.
300 _a238 p. ;
_c23 cm.
590 _aInventariado, 2020 / DG
650 0 _aNovela dominicana
_9223
650 0 _aLiteratura dominicana.
_967
910 _aValidado. Control de calidad /MMolina
999 _c12358
_d12358